Trouve l'anime - lettre G (moyen) - Statistiques

Statistiques générales
  • Ce quiz a été pris 29 fois
  • Le résultat moyen est 7 sur 20
Statistiques - réponses
Par images Réponse % Correct
GTO
100%
Gintama
96%
Grand Blue
67%
Gake no Ue no Ponyo
52%
Go Toubun no Hanayome
52%
Gate : Jieitai Kanochi nite, Kaku Tatakaeri
48%
Given
44%
Golden Kamuy
41%
Golden Time
41%
Guilty Crown
41%
Ghost in the Shell
37%
Great Pretender
37%
Gamers!
33%
Guild no Uketsukejou desu ga, Zangyou wa Iya nanode Boss wo Solo Toubatsu Shiyou to Omoimasu
15%
Gabriel Dropout
11%
Gin no Saji
11%
Gankutsuou
7%
Ginga Eiyuu Densetsu
4%
Gunslinger Girl
4%
Gakkou Gurashi!
0%
Aucun quiz correspondant
Distribution des résultats
% des personnes avec chaque résultat
Percentile par nombre de réponses
Votre historique - résultats
Vous n’avez pas pris ce quiz